00922nam a2200241Ia 4500001000600000003000900006008004100015040001300056040001300069041001300082100002100095100002900116245007400145245005700219250001100276260001400287260002100301260004900322300005700371500019000428650003100618650003100649 6988IT-RoPAU130308s9999 xx 000 0 und d aIT-RoPAU cIT-RoPAU aFRANCESE aBorile Gabrielle gCodice Aut. SPICS: 31604 aPaysage (Le)-Entre ciel et terre, un lieu privilegiè de l'equilibre bGrande Encyclopedie de la photo et Du Cinema Amateur a1a ed. aBRUXELLES bElsevier Sequoia c1980 [1° Ed.:1980 - Ed.Ling.Originale:1980] a"8 p. (prefazione: no ; testo: 8 [pagine: 326-333])" aPaesaggio tra Cielo e terra Luogo Privilegiato dell'Equilibrio Pittorialismo Punto di Vista Tecnico Nuovo Realismo Edward Weston modernismo Idelismo di Ansel Adams Condizioni Climatiche aENCICLOPEDIE DI FOTOGRAFIA eCodice materia Spics: 6751